Difficult Geography Connections - Statistics

General Stats
  • This quiz has been taken 17 times
  • The average score is 14 of 20
Answer Stats
Answer % Correct
Western Hemisphere Peso Communist White Star on the Flag Cuba
93%
Spanish, Kichwa, and Shuar Inca Empire Guayaquil Coat of Arms on the Flag Ecuador
93%
"Land of the Eternal Blue Sky" Nomadic/Semi-Nomadic 18th largest country Qing Dynasty Mongolia
93%
Islands Country Southern Cross on the Flag 500+ Indigenous Languages Torres Strait Papua New Guinea
93%
French is an Official Language On the Equator Franceville Tricolor Flag Gabon
87%
Strait of Malacca Hudoq Islam Nasi Goreng Indonesia
87%
Thrace Lake Van Soap Operas Smyrna Turkey
87%
Nyasaland Landlocked Chewa Language Rising Sun on the Flag Malawi
80%
86,600 km² (33,400 sq mi) Nakhchivan Autonomous Republic Karabakh Horse Dushbara Azerbaijan
73%
Seven Sisters Thar Desert Jhansi Mango India
73%
36,197 km² | 13,976 sq mi "Beautiful Island" Tropic of Cancer Taichung Taiwan
73%
Red, Green, and White flag Strusta Lake Brest Region Draniki Belarus
67%
Mosquito Coast Country Name Means "Depths" Swan Islands Blue and White Flag Honduras
67%
Skeleton Coast 34th largest country Caprivi Strip Fairy Circles Namibia
67%
Mount Korab Vergina Sun Tavče gravče Kumanovo North Macedonia
67%
Country Name Means "Two Seas" Passport Island Extremely Low Average Annual Precipitation Ranks 38th in Human Development Index Bahrain
60%
Yurt Tian Shan Mountains Sadyr Japarov Osh Kyrgyzstan
60%
Musandam Peninsula Dhow Racing Khanjar Monarchy Oman
53%
Flag with 4 stars "Islands of the Moon" Ngazidja Mount Karthala Comoros
40%
Yap Chuukese 702 km² | 271 sq mi Cathedral of Ponape Belltower Federated States of Micronesia
33%
No matching quizzes found
Score Distribution
Percent of People with Each Score
Percentile by Number Answered
Your Score History
You have not taken this quiz